[Event "Skopje op-B"]
[Site "Skopje"]
[Date "2023.12.10"]
[Round "7"]
[White "Uruci, Valentin"]
[Black "Petrov, Vancho"]
[Result "1-0"]
[WhiteElo "1530"]
[BlackElo "1829"]
[PlyCount "79"]
[EventDate "2023.12.06"]
[EventType "swiss"]
[EventRounds "9"]
[EventCountry "MKD"]
[SourceTitle "CB51_2023"]
[SourceDate "2023.12.20"]
[SourceVersion "1"]
[SourceVersionDate "2023.12.20"]
[SourceQuality "1"]

1. d4 d5 2. Bf4 e6 3. e3 Nf6 4. Nf3 Bd6 5. Ne5 0-0 6. Nd2 Bxe5 7. Bxe5 Nbd7 8. Bg3 c5 9. c3 cxd4 10. exd4 Ne4 11. Nxe4 dxe4 12. Bc4 Nb6 13. Bb3 f5 14. Be5 Qg5 15. Qd2 Qxd2+ 16. Kxd2 Bd7 17. Rhf1 Rae8 18. c4 Bc6 19. Ke3 Rf7 20. h4 Ba4 21. Bxa4 Nxa4 22. b3 Nb6 23. f3 exf3 24. gxf3 Nd7 25. Rad1 Nf6 26. Bxf6 Rxf6 27. Kf4 Kf7 28. Ke5 f4 29. Rg1 Rf5+ 30. Ke4 Kf6 31. Rg4 e5 32. d5 g6 33. c5 Rh5 34. b4 h6 35. b5 g5 36. d6 Ke6 37. d7 Rd8 38. c6 bxc6 39. bxc6 Rxh4 40. Rxh4 1-0

[Event "Struga Lake Queen U18 op"]
[Site "Struga"]
[Date "2023.09.09"]
[Round "4"]
[White "Uruci, Valentin"]
[Black "Nikolovski, Branko Nikola"]
[Result "0-1"]
[WhiteElo "1607"]
[BlackElo "1550"]
[PlyCount "134"]
[EventDate "2023.09.08"]
[EventType "swiss"]
[EventRounds "6"]
[EventCountry "MKD"]
[SourceTitle "EXT 2024"]
[Source "ChessBase"]
[SourceDate "2023.10.10"]
[SourceVersion "1"]
[SourceVersionDate "2023.10.10"]
[SourceQuality "1"]

1. d4 Nf6 2. Bf4 d5 3. e3 c5 4. c3 Qb6 5. Qb3 c4 6. Qc2 g6 7. Nf3 Bf5 8. Qc1 Bg7 9. h3 Nc6 10. g4 Bd7 11. Nbd2 Qd8 12. b4 b5 13. Bg2 a5 14. a3 0-0 15. 0-0 Ne4 16. Ne5 Nxe5 17. Bxe4 dxe4 18. Bxe5 Bxe5 19. dxe5 Bc6 20. Qc2 Qd3 21. Qxd3 exd3 22. f3 f6 23. exf6 exf6 24. Kf2 Kf7 25. e4 Ke6 26. Rfe1 Kd6 27. Nf1 Rf7 28. Ke3 Rfa7 29. Rac1 axb4 30. axb4 Ra2 31. Nd2 f5 32. Rcd1 Rc2 33. Nb1 fxe4 34. fxe4 Ke5 35. Rd2 Raa2 36. Rf1 Bxe4 37. Rf7 Bd5 38. Rff2 Ra1 39. Rf1 Rxc3 40. Nxc3 Rxf1 41. Rf2 Rxf2 42. Kxf2 Bc6 43. Ke3 h5 44. Nd1 hxg4 45. hxg4 Be4 46. Nc3 Bc6 47. Nd1 Bd7 48. Nf2 d2 49. g5 Kf5 50. Kxd2 Kxg5 51. Ke3 Kf5 52. Ne4 g5 53. Ng3+ Ke5 54. Ne4 g4 55. Ng3 Bf5 56. Ne2 Be4 57. Nc3 Bc6 58. Ne2 Bd7 59. Nc3 g3 60. Ne2 g2 61. Kf2 Ke4 62. Nc3+ Kd3 63. Nd5 c3 64. Ne3 c2 65. Nxc2 Kxc2 66. Kxg2 Kc3 67. Kf3 Kxb4 0-1

[Event "KOS-chT2"]
[Site "Pristina"]
[Date "2023.05.28"]
[Round "3"]
[White "Uruci, Valentin"]
[Black "Kollari, Mehdi"]
[Result "1/2-1/2"]
[WhiteElo "1515"]
[BlackElo "1928"]
[PlyCount "175"]
[EventDate "2023.05.27"]
[EventType "team-swiss"]
[EventRounds "7"]
[EventCountry "KOS"]
[SourceTitle "CBM 214 Extra"]
[Source "ChessBase"]
[SourceDate "2023.07.31"]
[SourceVersion "1"]
[SourceVersionDate "2023.07.31"]
[SourceQuality "1"]
[WhiteTeam "Ferizaji II"]
[BlackTeam "Rahoveci"]
[WhiteTeamCountry "KOS"]
[BlackTeamCountry "KOS"]

1. d4 Nf6 2. Bf4 e6 3. e3 d5 4. Nd2 c5 5. c3 Nc6 6. Ngf3 a6 7. a4 Be7 8. Bd3 cxd4 9. exd4 Bd7 10. h3 Rc8 11. 0-0 h6 12. Ne5 0-0 13. Ndf3 Be8 14. Bh2 Nd7 15. Nxc6 Rxc6 16. Nd2 f5 17. Qe2 Bf7 18. Rfc1 Bf6 19. Nf3 Bh5 20. Qe3 Bf7 21. Ne5 Bxe5 22. Bxe5 Nxe5 23. Qxe5 Qc7 24. Qxc7 Rxc7 25. Re1 Rfc8 26. a5 g6 27. Ra3 Rc6 28. Rb3 R8c7 29. Ra1 Be8 30. Rb4 Kf7 31. Ra3 Bd7 32. Rab3 Bc8 33. f4 Kf6 34. Kf2 g5 35. g3 gxf4 36. gxf4 Rg7 37. Ra4 h5 38. Ra1 h4 39. Rg1 Rcc7 40. Ra3 Rxg1 41. Kxg1 Rg7+ 42. Kf2 Rg3 43. Bf1 Bd7 44. c4 Rxa3 45. bxa3 dxc4 46. Bxc4 Bc6 47. Kg1 Ke7 48. Kf2 Kd6 49. Kg1 Bb5 50. Bb3 Bd3 51. Kf2 Be4 52. Bc4 Bd5 53. Be2 Kc6 54. Kg1 b6 55. Bxa6 bxa5 56. Kf2 Bb3 57. Ke3 Bd5 58. Kf2 Ba2 59. Ke3 Kd5 60. Bc8 Bc4 61. Bb7+ Kd6 62. Kf2 Kc7 63. Bf3 Kb6 64. Bh5 Kc6 65. Bf3+ Kb5 66. Bd1 Bd3 67. Bb3 Bc4 68. Bd1 a4 69. Bh5 Bd3 70. Be8+ Ka5 71. Bd7 Bc4 72. Kg1 Bb3 73. Kf2 Kb6 74. Ke3 Kc7 75. Bb5 Kd6 76. Kd3 Bd5 77. Bxa4 Bg2 78. Bd1 Bxh3 79. Bf3 Bf1+ 80. Ke3 Bb5 81. Kf2 Bc4 82. Kg2 Bd5 83. Bxd5 Kxd5 84. Kh3 Ke4 85. a4 Kxd4 86. Kxh4 e5 87. fxe5 Kxe5 88. Kg3 1/2-1/2